01945cam a2200313 a 4500999001500000001000900015003000400024005001700028008004100045010001700086020001500103020001800118040001800136050002200154082002100176100002800197245008800225250001200313260005900325300009500384500012400479504005300603538080500656650002901461700002601490700003001516906004501546942004001591 c6091d609111962287OSt20200128102451.0000403s2001 ohua b 001 0 eng  a 00038745  a0324009771 a9789812402349 aDLCcDLCdDLC00aHD58.7b.H44 200100a658.3221bHEL/O aHellriegel, Don 9151610aOrganizational behavior /cDon Hellriegel, John W. Slocum, Jr., Richard W. Woodman. a9th ed. aCincinnati, Ohio :bSouth-Western College Pub.,c2001. a1 v. (various paging) :bill. (some col.) ;c29 cm. +e1 computer optical disc (4 3/4 in.) aStudent CD-ROM included, provides a self-assessment tool for students to use and to reuse as their competencies mature. aIncludes bibliographical references and indexes. aSystem requirements for accompanying computer disc: Windows 95; 12MB available hard disk space, 16MB RAM, 256-color monitor, Internet browser (Netscape Navigator 4.08 or higher; Internet Explorer 4.0), mouse, 486 MHz, 2x CD-ROM drive (4x recommended), 640 x 480 pixel resolution. Windows 98; 12MB available hard disk space, 16MB RAM, 256-color monitor, Internet browser (Netscape Navigator 4.72 or higher; Internet Explorer 5.01), mouse, 486 MHz, 2x CD-ROM drive (4x recommended), 640 x 480 pixel resolution. Macintosh; 12MB available hard disk space, OS 7.0 or higher, 256-color monitor, mouse, Internet browser (Internet Explorer 4.5; Netscape Navigator 4.08, Netscape Communicator 4.72), Macintosh 68040 or PowerPC platform, 16MB RAM, 640 x 480 pixel resoultion, 2x CD-ROM drive (4x recommended). 0aOrganizational behavior.1 aSlocum, John W.916301 aWoodman, Richard W.91631 a7bcbccorignewd1eocipf20gy-gencatlg 2ddccBKh658.3iHEL/Ok658.3mHEL/O